Province del Veneto per Superficie - Statistics

Statistiche generali
  • Questo quiz è stato fatto 16 volte
  • Il punteggio medio è 6 su 7
Statistiche sulle risposte
Superficie (km²) Provincia o Città Metropolitana % Corretto
3 610 Provincia di Belluno
100%
3 096 Provincia di Verona
100%
2 722 Provincia di Vicenza
93%
2 450 Provincia di Treviso
87%
2 473 Città metropolitana di Venezia
73%
2 144 Provincia di Padova
73%
1 820 Provincia di Rovigo
73%
Nessun quiz corrispondente trovato
Distribuzione punteggi
Percentuale di utenti per punteggio
Percentile per numero di risposta
I tuoi punteggi nel tempo
Non hai fatto questo quiz